| 000 | 00797nam a2200229 i 4500 | ||
|---|---|---|---|
| 001 | 112534 | ||
| 003 | ES-MaACL | ||
| 005 | 20250709220329.0 | ||
| 007 | t| | ||
| 008 | 061121s1972 sp |||| | rum d | ||
| 245 | 0 | 0 |
_aPoesía rumana contemporánea _b: antología bilingüe / _ctraducción de Darie Nováceanu ; revisión de J.M. Caballero Bonald. |
| 260 |
_aBarcelona : _bBarral, _c1972. |
||
| 300 |
_a333 p. ; _c20 cm. |
||
| 490 | 1 |
_aInsulae poetarum ; _v2 |
|
| 546 | _aTexto en rumano y español. | ||
| 650 | 4 |
_aPoesías rumanas- _yS.XX. _9163652 |
|
| 700 | 1 |
_aNovãceanu, Darie ( _d1937-) _986048 |
|
| 700 | 1 |
_aCaballero Bonald, José Manuel, _d1926-2021 _9226628 |
|
| 830 | 0 |
_aInsulae poetarum _v2 _9226634 |
|
| 852 |
_aES-MaACL _jC-43551 |
||
| 999 |
_c112534 _d112534 |
||